| 000 | 00403nam a2200145Ia 4500 | ||
|---|---|---|---|
| 008 | 230917s9999||||xx |||||||||||||| ||und|| | ||
| 040 |
_e184254 _aMAIN |
||
| 041 | _aEnglish | ||
| 082 | _a658.3 U7D | ||
| 100 | _aUlrich, Dave | ||
| 245 | 0 | _aDelivering results: A new mandate for human resource professionals | |
| 260 |
_aBoston _bHarvard Business School Press _c1998 |
||
| 300 | _a349 p. | ||
| 942 | _cBK | ||
| 999 |
_c164234 _d164234 |
||